| 000 | 00000nam##2200000za#4500 |
| 001 | 9.699312 |
| 003 | CaOODSP |
| 005 | 20210625000325 |
| 007 | cr ||||||||||| |
| 008 | 150407|1986||||xxc|||||o f|0| 0 eng|d |
| 040 | |aCaOODSP|beng |
| 043 | |an-cn--- |
| 086 | 1 |aEn108-4/71-1986-2E-PDF |
| 110 | 1 |aCanada.|bCanadian Council of Ministers of the Environment. |
| 245 | 10|aControlling PCBs : |h[electronic resource]|bmanagement of PCBs in Canada / |c[issued by] Canadian Council of Resource and Environment Ministers. |
| 260 | |aToronto - Ontario : |bCanadian Council of Ministers of the Environment |c[1986]. |
| 300 | |a2p. |
| 500 | |a"Second in a series"--p.1 of 2. |
| 590 | |a14-21-Supp|b2014-12-11 |
| 690 | 07|aHazardous waste|2gcpds |
| 775 | 08|tLa lutte contre les BPC : |w(CaOODSP)9.643299 |
| 856 | 40|ahttp://publications.gc.ca|qPDF|s261 KB|uhttps://publications.gc.ca/collections/collection_2014/ec/En108-4-71-1986-2-eng.pdf |